[Event "YUG-chT"]
[Site "Vrnjacka Banja"]
[Date "1996.??.??"]
[Round "?"]
[White "Djoric, Dusan"]
[Black "Notaros, Krasoje"]
[Result "1/2-1/2"]
[WhiteElo "2355"]
[BlackElo "2360"]
[PlyCount "23"]
[EventDate "1996.??.??"]
[EventType "team"]
[EventRounds "11"]
[EventCountry "YUG"]
[SourceTitle "EXT 2000"]
[Source "ChessBase"]
[SourceDate "1999.11.16"]
[SourceVersion "1"]
[SourceVersionDate "1999.11.16"]
[SourceQuality "1"]

1. e4 g6 2. Nf3 Bg7 3. d4 d6 4. Nc3 c6 5. a4 a5 6. Bc4 Nf6 7. e5 dxe5 8. Nxe5 0-0 9. 0-0 Na6 10. Re1 Nb4 11. Bb3 Nbd5 12. Nxd5 1/2-1/2

[Event "YUG-chT"]
[Site "Vrnjacka Banja"]
[Date "1996.??.??"]
[Round "?"]
[White "Notaros, Krasoje"]
[Black "Milijanovic, Goran"]
[Result "0-1"]
[WhiteElo "2360"]
[BlackElo "2185"]
[PlyCount "110"]
[EventDate "1996.??.??"]
[EventType "team"]
[EventRounds "11"]
[EventCountry "YUG"]
[SourceTitle "EXT 2000"]
[Source "ChessBase"]
[SourceDate "1999.11.16"]
[SourceVersion "1"]
[SourceVersionDate "1999.11.16"]
[SourceQuality "1"]

1. Nf3 Nf6 2. g3 g6 3. Bg2 Bg7 4. d4 0-0 5. 0-0 d5 6. c4 c6 7. cxd5 cxd5 8. Nc3 e6 9. Ne5 Nfd7 10. f4 Nc6 11. Be3 f6 12. Nd3 Nb6 13. b3 f5 14. Ne5 Bd7 15. Qd2 Nc8 16. Na4 Nxe5 17. dxe5 Bxa4 18. bxa4 Nb6 19. Qb4 Rf7 20. Rfd1 Bf8 21. Qb3 Nc4 22. Bf2 Qa5 23. Qb5 Qxb5 24. axb5 Rc8 25. Rab1 Bc5 26. Rb3 Na5 27. Rb2 b6 28. Bf3 Rfc7 29. g4 Ba3 30. Rbb1 Rc4 31. Be3 Bc5 32. Kf2 Rxf4 33. Bxc5 Rxc5 34. Kg3 Ra4 35. gxf5 gxf5 36. Rg1 Kf8 37. Kf2 Nc4 38. Rg5 Nxe5 39. Rbg1 Ng4+ 40. Bxg4 Rxg4 41. R1xg4 fxg4 42. Rxg4 Rxb5 43. h4 Rc5 44. h5 Rc4 45. Rg3 Ra4 46. h6 Rf4+ 47. Ke3 Rf6 48. Rg7 Rf7 49. Rg5 Ke7 50. Kd4 Kd6 51. Rg7 e5+ 52. Kd3 Ke6 53. Rg4 a5 54. e4 dxe4+ 55. Rxe4 Kd5 0-1

[Event "Vojvodina-ch"]
[Site "Yugoslavia"]
[Date "1995.??.??"]
[Round "?"]
[White "Dostan, Janos"]
[Black "Notaros, Krasoje"]
[Result "0-1"]
[WhiteElo "2270"]
[BlackElo "2370"]
[PlyCount "72"]
[EventDate "1995.??.??"]
[EventType "swiss"]
[EventRounds "7"]
[EventCountry "YUG"]
[SourceTitle "EXT 2002"]
[Source "ChessBase"]
[SourceDate "2001.11.25"]
[SourceVersion "1"]
[SourceVersionDate "2001.11.25"]
[SourceQuality "1"]

1. e4 g6 2. d4 Bg7 3. Nc3 c6 4. Nf3 d6 5. a4 a5 6. h3 Nf6 7. Be2 0-0 8. 0-0 Na6 9. Be3 Nb4 10. Nd2 d5 11. e5 Ne8 12. Ncb1 c5 13. dxc5 Bf5 14. Na3 Bxe5 15. c3 Nc6 16. Bh6 Bg7 17. Bxg7 Nxg7 18. g4 Be6 19. Nf3 f5 20. Nd4 fxg4 21. hxg4 Rf4 22. Nac2 Qd7 23. Ne3 Nxd4 24. cxd4 g5 25. Ng2 Rf6 26. Ra3 Raf8 27. Re3 h6 28. Re5 Bf7 29. f4 gxf4 30. Nxf4 Be6 31. Qd2 Bxg4 32. Bb5 Qd8 33. Rxd5 Qc7 34. Re5 e6 35. Qe3 Qf7 36. Re4 Nh5 0-1

[Event "YUG-chT"]
[Site "Tivat"]
[Date "1995.??.??"]
[Round "10"]
[White "Notaros, Krasoje"]
[Black "Todorcevic, Miodrag"]
[Result "0-1"]
[WhiteElo "2370"]
[BlackElo "2465"]
[PlyCount "92"]
[EventDate "1995.??.??"]
[EventType "team-swiss"]
[EventRounds "11"]
[EventCountry "YUG"]
[SourceTitle "CBM 048 Extra"]
[Source "ChessBase"]
[SourceDate "1995.11.01"]
[SourceVersion "1"]
[SourceVersionDate "1995.11.01"]
[SourceQuality "1"]

1. Nf3 g6 2. d4 Bg7 3. g3 d6 4. Bg2 Nd7 5. c4 e5 6. Nc3 Ngf6 7. 0-0 0-0 8. e4 c6 9. h3 a5 10. Rb1 Re8 11. Re1 exd4 12. Nxd4 Nc5 13. b3 Nfd7 14. Be3 Ne5 15. Re2 Qe7 16. f4 Ned7 17. Qc2 Nf8 18. Rd1 h5 19. a3 Nh7 20. Bf2 Qf8 21. b4 axb4 22. axb4 Ne6 23. Red2 Bxd4 24. Bxd4 h4 25. Bf2 hxg3 26. Bxg3 Qh6 27. Ne2 Ng7 28. f5 gxf5 29. Rxd6 Qe3+ 30. Bf2 Qg5 31. exf5 Bxf5 32. Qd2 Bxh3 33. Qxg5 Nxg5 34. Nc3 Bxg2 35. Kxg2 Nf5 36. R6d3 Kg7 37. b5 Kg6 38. bxc6 bxc6 39. R1d2 Ne6 40. Kf3 Rh8 41. Ne2 Ra4 42. c5 Ng5+ 43. Kg2 Rg4+ 44. Ng3 Ne4 45. Re2 Nfxg3 46. Bxg3 Rh5 0-1

[Event "YUG-chT"]
[Site "Tivat"]
[Date "1995.??.??"]
[Round "2"]
[White "Zakic, Srdjan"]
[Black "Notaros, Krasoje"]
[Result "1/2-1/2"]
[WhiteElo "2345"]
[BlackElo "2370"]
[PlyCount "49"]
[EventDate "1995.??.??"]
[EventType "team-swiss"]
[EventRounds "11"]
[EventCountry "YUG"]
[SourceTitle "CBM 048 Extra"]
[Source "ChessBase"]
[SourceDate "1995.11.01"]
[SourceVersion "1"]
[SourceVersionDate "1995.11.01"]
[SourceQuality "1"]

1. e4 g6 2. d4 Bg7 3. Nc3 c6 4. h3 d5 5. Nf3 dxe4 6. Nxe4 Bf5 7. Ng3 Be6 8. c4 b5 9. cxb5 Nf6 10. Be2 0-0 11. a4 cxb5 12. axb5 Qb6 13. 0-0 a6 14. Bf4 Bd5 15. Bxb8 Rfxb8 16. Rxa6 Rxa6 17. bxa6 Bxf3 18. Bxf3 Qxa6 19. Qc2 Ne8 20. Qc5 Nd6 21. Qc7 Rxb2 22. Qxe7 Bxd4 23. Qd8+ Kg7 24. Nh5+ gxh5 25. Qg5+ 1/2-1/2

[Event "YUG-chT"]
[Site "Igalo"]
[Date "1994.??.??"]
[Round "2"]
[White "Pikula, Dejan"]
[Black "Notaros, Krasoje"]
[Result "1/2-1/2"]
[WhiteElo "2360"]
[BlackElo "2360"]
[PlyCount "92"]
[EventDate "1994.??.??"]
[EventType "team"]
[EventRounds "9"]
[EventCountry "YUG"]
[SourceTitle "EXT 2002"]
[Source "ChessBase"]
[SourceDate "2001.11.25"]
[SourceVersion "1"]
[SourceVersionDate "2001.11.25"]
[SourceQuality "1"]

1. e4 g6 2. d4 Bg7 3. Be3 d6 4. Nc3 Nf6 5. Qd2 Nc6 6. f3 a6 7. Nge2 b5 8. Bh6 Bxh6 9. Qxh6 e6 10. h4 Qe7 11. g4 Bb7 12. h5 0-0-0 13. Qd2 Nd7 14. a4 b4 15. Na2 d5 16. e5 f6 17. exf6 Nxf6 18. hxg6 hxg6 19. Rxh8 Rxh8 20. g5 Ne8 21. f4 a5 22. Nac1 Nd6 23. Ng3 Nf5 24. Nce2 Ncxd4 25. Nxd4 Nxg3 26. 0-0-0 Ne4 27. Qe2 e5 28. Nb3 exf4 29. Nxa5 Qc5 30. Nxb7 Kxb7 31. Qa6+ Kb8 32. Kb1 c6 33. Bd3 Nxg5 34. Bxg6 Ne6 35. Qe2 Nc7 36. Rf1 Rf8 37. Bd3 Kb7 38. Rf3 Kb6 39. Qe5 b3 40. cxb3 Qb4 41. a5+ Qxa5 42. Rxf4 Re8 43. Qd4+ c5 44. Qf6+ Re6 45. b4 cxb4 46. Qd4+ Qc5 1/2-1/2

[Event "YUG-chT"]
[Site "Cetinje"]
[Date "1993.??.??"]
[Round "7"]
[White "Miljanic, Boro"]
[Black "Notaros, Krasoje"]
[Result "1/2-1/2"]
[WhiteElo "2385"]
[BlackElo "2355"]
[PlyCount "91"]
[EventDate "1993.??.??"]
[EventType "team"]
[EventRounds "11"]
[EventCountry "YUG"]
[SourceTitle "EXT 2002"]
[Source "ChessBase"]
[SourceDate "2001.11.25"]
[SourceVersion "1"]
[SourceVersionDate "2001.11.25"]
[SourceQuality "1"]

1. e4 g6 2. d4 Bg7 3. Nc3 c6 4. Nf3 d6 5. Be3 Nf6 6. h3 0-0 7. Bd3 Qc7 8. 0-0 e5 9. Qd2 Re8 10. dxe5 dxe5 11. a4 a5 12. Rfd1 Na6 13. Bc4 Be6 14. Bxe6 Rxe6 15. Qe2 Nd7 16. Rd2 Rd6 17. Rxd6 Qxd6 18. Rd1 Qe7 19. Qc4 h6 20. Ne2 Nac5 21. Nc1 Kh7 22. Nb3 Nxb3 23. Qxb3 Nf8 24. Bb6 Ne6 25. Qc3 Nf4 26. Qd2 Ra6 27. Bxa5 b6 28. Bb4 c5 29. Ba3 Rxa4 30. Qd7 Qxd7 31. Rxd7 Rxe4 32. Rxf7 Ne2+ 33. Kf1 Nd4 34. Ne1 Rf4 35. Rb7 Rf6 36. b3 e4 37. Bc1 g5 38. Be3 Re6 39. b4 Kg6 40. bxc5 bxc5 41. c3 Nf5 42. Bxc5 Bxc3 43. g4 Nd4 44. Bxd4 Bxd4 45. Nc2 Bb6 46. Ke2 1/2-1/2

[Event "YUG-chT"]
[Site "Cetinje"]
[Date "1993.??.??"]
[Round "4"]
[White "Ristic, Nebojsa M"]
[Black "Notaros, Krasoje"]
[Result "1/2-1/2"]
[WhiteElo "2405"]
[BlackElo "2355"]
[PlyCount "99"]
[EventDate "1993.??.??"]
[EventType "team"]
[EventRounds "11"]
[EventCountry "YUG"]
[SourceTitle "EXT 2002"]
[Source "ChessBase"]
[SourceDate "2001.11.25"]
[SourceVersion "1"]
[SourceVersionDate "2001.11.25"]
[SourceQuality "1"]

1. e4 g6 2. d4 Bg7 3. c4 d6 4. Nc3 Nc6 5. d5 Nd4 6. Be3 c5 7. dxc6 Nxc6 8. Rc1 Nf6 9. h3 0-0 10. Nf3 Qa5 11. Qd2 Nd7 12. a3 Nde5 13. Nd4 Nxd4 14. Bxd4 Be6 15. Be2 Rfc8 16. Nd5 Qxd2+ 17. Kxd2 Bxd5 18. cxd5 Nf3+ 19. Bxf3 Bxd4 20. Bg4 Rxc1 21. Rxc1 Bxb2 22. Rc8+ Rxc8 23. Bxc8 Bxa3 24. Bxb7 a5 25. Bc6 g5 26. g3 Bc5 27. Ke2 e6 28. f4 gxf4 29. gxf4 Kg7 30. Kf3 Kf6 31. Ba4 Ba3 32. Bc2 h6 33. Bb3 Bc1 34. Ba4 Ke7 35. Bb3 exd5 36. Bxd5 a4 37. e5 f5 38. exf6+ Kxf6 39. Kg4 a3 40. Ba2 h5+ 41. Kf3 Kf5 42. Bb1+ Ke6 43. Ba2+ d5 44. f5+ Ke5 45. f6 d4 46. f7 Bh6 47. Bb1 d3 48. f8Q Bxf8 49. Ke3 d2 50. Kxd2 1/2-1/2

[Event "Novi Sad op"]
[Site "Novi Sad"]
[Date "1989.??.??"]
[Round "2"]
[White "Notaros, Krasoje"]
[Black "Nikcevic, Nebojsa"]
[Result "0-1"]
[WhiteElo "2390"]
[BlackElo "2270"]
[PlyCount "44"]
[EventDate "1989.??.??"]
[EventType "swiss"]
[EventRounds "9"]
[EventCountry "YUG"]
[SourceTitle "EXT 2000"]
[Source "ChessBase"]
[SourceDate "1999.11.16"]
[SourceVersion "1"]
[SourceVersionDate "1999.11.16"]
[SourceQuality "1"]

1. f4 d5 2. Nf3 g6 3. g3 Bg7 4. Bg2 Nh6 5. 0-0 0-0 6. d3 Nc6 7. c3 Qd6 8. e4 dxe4 9. dxe4 Qc5+ 10. Kh1 Rd8 11. Qe1 Qh5 12. Nbd2 e5 13. Nc4 Ng4 14. h3 Be6 15. Qe2 exf4 16. gxf4 Qb5 17. hxg4 Bxc4 18. Qf2 Bxf1 19. Bxf1 Qa4 20. e5 Rd1 21. Kg2 Rad8 22. Be2 Rxc1 0-1

[Event "YUG-ch sf"]
[Site "Pula"]
[Date "1988.01.25"]
[Round "8"]
[White "Notaros, Krasoje"]
[Black "Bilobrk, Franjo"]
[Result "1-0"]
[WhiteElo "2345"]
[BlackElo "2335"]
[PlyCount "59"]
[EventDate "1988.01.17"]
[EventType "swiss"]
[EventRounds "13"]
[EventCountry "CRO"]
[SourceTitle "EXT 2018"]
[Source "ChessBase"]
[SourceDate "2017.10.13"]
[SourceVersion "1"]
[SourceVersionDate "2017.10.13"]
[SourceQuality "1"]

1. Nf3 Nf6 2. g3 b6 3. Bg2 Bb7 4. c4 c5 5. 0-0 g6 6. Nc3 Bg7 7. d4 cxd4 8. Qxd4 0-0 9. Qh4 d6 10. Bg5 Nbd7 11. Rac1 Re8 12. Rfd1 a6 13. b3 Rc8 14. e4 Qc7 15. Nd5 Qb8 16. Bh3 Bxd5 17. exd5 Rc7 18. Nd4 Ne5 19. f4 Ned7 20. Nc6 Qb7 21. Nxe7+ Rxe7 22. Bxd7 Rcxd7 23. Bxf6 Bxf6 24. Qxf6 Qc7 25. Re1 Qc5+ 26. Kg2 Re3 27. b4 Rxe1 28. bxc5 Rxc1 29. c6 Rc7 30. Qd8+ 1-0

[Event "YUG-ch sf"]
[Site "Pula"]
[Date "1988.01.22"]
[Round "6"]
[White "Notaros, Krasoje"]
[Black "Bogdanovski, Vlatko"]
[Result "0-1"]
[WhiteElo "2345"]
[BlackElo "2460"]
[PlyCount "74"]
[EventDate "1988.01.17"]
[EventType "swiss"]
[EventRounds "13"]
[EventCountry "CRO"]
[SourceTitle "EXT 2018"]
[Source "ChessBase"]
[SourceDate "2017.10.13"]
[SourceVersion "1"]
[SourceVersionDate "2017.10.13"]
[SourceQuality "1"]

1. Nf3 Nf6 2. g3 d5 3. Bg2 c6 4. 0-0 Bf5 5. d3 h6 6. b3 e6 7. Bb2 Bc5 8. Qe1 0-0 9. Nbd2 a5 10. e4 Bh7 11. a3 Na6 12. h3 Nc7 13. e5 Nd7 14. Kh1 Be7 15. Nh2 a4 16. b4 b6 17. f4 c5 18. Ndf3 Qc8 19. Qd2 Rd8 20. c3 Qa6 21. Rfd1 Rac8 22. Bf1 d4 23. c4 b5 24. bxc5 Nxc5 25. Nxd4 bxc4 26. Nhf3 Nxd3 27. Bc3 Bc5 28. Kh2 Rd7 29. Nc2 Rcd8 30. Qe2 Nd5 31. Bd2 Qa7 32. Nce1 Bf2 33. Kg2 Be3 34. Nxd3 Bxd3 35. Qe1 Bxd2 36. Rxd2 Ne3+ 37. Kh1 Nxf1 0-1

[Event "YUG-chT 40th"]
[Site "Brezovica"]
[Date "1988.??.??"]
[Round "?"]
[White "Notaros, Krasoje"]
[Black "Lejlic, Samir"]
[Result "1/2-1/2"]
[WhiteElo "2345"]
[BlackElo "2215"]
[PlyCount "72"]
[EventDate "1988.??.??"]
[EventType "team"]
[EventRounds "9"]
[EventCountry "YUG"]
[SourceTitle "EXT 2009"]
[Source "ChessBase"]
[SourceDate "2008.11.26"]
[SourceVersion "1"]
[SourceVersionDate "2008.11.26"]
[SourceQuality "1"]

1. Nf3 Nf6 2. g3 Nc6 3. d4 d5 4. Bg2 g6 5. c4 Bg7 6. 0-0 0-0 7. cxd5 Nxd5 8. Nc3 Nb6 9. e3 Bg4 10. h3 Bxf3 11. Bxf3 e5 12. d5 Ne7 13. e4 Nbc8 14. Qb3 Nd6 15. Bg2 f5 16. f4 Qd7 17. Kh2 Kh8 18. Bd2 Nxe4 19. Nxe4 fxe4 20. fxe5 Qxd5 21. Bc3 Qxb3 22. axb3 Nd5 23. Rxf8+ Rxf8 24. Bd4 Re8 25. Re1 b6 26. Bxe4 Nb4 27. Kg2 c5 28. Bc3 Na2 29. Bc6 Re7 30. Rd1 h6 31. Rd8+ Kh7 32. Rd7 Rxd7 33. Bxd7 Nxc3 34. bxc3 Bxe5 35. c4 Kg7 36. Kf3 Kf6 1/2-1/2

[Event "YUG-chT 40th"]
[Site "Brezovica"]
[Date "1988.??.??"]
[Round "?"]
[White "Robovic, Saudin"]
[Black "Notaros, Krasoje"]
[Result "1-0"]
[WhiteElo "2300"]
[BlackElo "2345"]
[PlyCount "97"]
[EventDate "1988.??.??"]
[EventType "team"]
[EventRounds "9"]
[EventCountry "YUG"]
[SourceTitle "EXT 2009"]
[Source "ChessBase"]
[SourceDate "2008.11.26"]
[SourceVersion "1"]
[SourceVersionDate "2008.11.26"]
[SourceQuality "1"]

1. e4 g6 2. d4 Bg7 3. Nc3 c6 4. Be3 d5 5. Qd2 dxe4 6. Nxe4 Nd7 7. 0-0-0 Ngf6 8. f3 Nxe4 9. fxe4 Nf6 10. e5 Nd5 11. Bh6 Bxh6 12. Qxh6 Qa5 13. Bc4 Bg4 14. Rd2 0-0-0 15. Bb3 Nc7 16. Nf3 Bxf3 17. Qh3+ e6 18. Qxf3 Rd7 19. Rhd1 Rhd8 20. c3 c5 21. dxc5 Rxd2 22. Rxd2 Rxd2 23. Kxd2 Qxc5 24. Qxf7 Qxe5 25. Qg8+ Kd7 26. Qxh7+ Kd6 27. Qh4 Qf5 28. Qg3+ Kc6 29. Qf3+ Qxf3 30. gxf3 g5 31. Ke3 Kd6 32. f4 g4 33. Kf2 Ne8 34. Kg3 Nf6 35. Kh4 e5 36. Kg5 exf4 37. Kxf4 b5 38. Kf5 Ke7 39. Bd1 Nd5 40. Bxg4 b4 41. cxb4 Nxb4 42. a3 Nd3 43. b4 Kf7 44. Be2 Ne1 45. Bc4+ Ke7 46. Ke4 Nc2 47. Bd3 Nxa3 48. Kd4 a6 49. Kc3 1-0

[Event "YUG-chT 38th"]
[Site "Sibenik"]
[Date "1986.??.??"]
[Round "?"]
[White "Notaros, Krasoje"]
[Black "Drasko, Milan"]
[Result "1/2-1/2"]
[WhiteElo "2305"]
[BlackElo "2460"]
[PlyCount "193"]
[EventDate "1986.??.??"]
[EventType "team"]
[EventRounds "9"]
[EventCountry "YUG"]
[SourceTitle "EXT 2009"]
[Source "ChessBase"]
[SourceDate "2008.11.26"]
[SourceVersion "1"]
[SourceVersionDate "2008.11.26"]
[SourceQuality "1"]

1. Nf3 Nf6 2. c4 c6 3. g3 d5 4. Bg2 Bf5 5. b3 e6 6. Bb2 Be7 7. 0-0 0-0 8. d3 h6 9. Nbd2 Nbd7 10. Re1 Bh7 11. a3 a5 12. Rc1 Bd6 13. d4 Qb8 14. c5 Bc7 15. Nf1 b6 16. cxb6 Qxb6 17. N3d2 Rab8 18. Bc3 Bd6 19. Ra1 c5 20. e3 Rfc8 21. Ra2 cxd4 22. Bxd4 Qc7 23. Qa1 e5 24. Bb2 Nc5 25. Rc1 Qe7 26. b4 axb4 27. axb4 Nd3 28. Rxc8+ Rxc8 29. Ra7 Qe8 30. Bh3 Rb8 31. Bc3 Nxb4 32. Nf3 Nc6 33. Ra6 Bd3 34. Ra4 Ne4 35. N1d2 Nc5 36. Ra2 Kh7 37. Bf1 Bf5 38. Nh4 Be6 39. Rb2 Rxb2 40. Qxb2 g6 41. Bb5 Bd7 42. Nhf3 e4 43. Ne1 Ne5 44. Bxd7 Ncxd7 45. Kg2 Qc8 46. Qb3 Qc6 47. Qb2 Qa6 48. Nb3 Nc4 49. Qa1 Qb6 50. Qa8 Nde5 51. Nd4 Qc5 52. Qa1 Qa3 53. Nb5 Qxa1 54. Bxa1 Nc6 55. Bf6 g5 56. h4 Kg6 57. hxg5 hxg5 58. Bc3 Kf5 59. Nc2 Bc5 60. Nc7 Ne7 61. Nd4+ Kg6 62. Ndb5 Kf5 63. Nd4+ Bxd4 64. Bxd4 Ne5 65. Bc5 N5c6 66. Ba3 Kg4 67. Ne8 Ng8 68. Nc7 Nce7 69. Bc5 f5 70. Bd6 Kh5 71. Kh3 Nc8 72. Bc5 Nge7 73. Ne6 Nc6 74. Nc7 N8e7 75. Bd6 Kg6 76. g4 Kf6 77. gxf5 Kxf5 78. Kg3 Nc8 79. Ba3 d4 80. exd4 Nxd4 81. Bc5 Ne2+ 82. Kg2 Kg4 83. Nb5 Nf4+ 84. Kf1 Ne6 85. Be3 Kf3 86. Nc3 Nd6 87. Ne2 Nc4 88. Nd4+ Nxd4 89. Bxd4 Nd2+ 90. Ke1 Nc4 91. Kf1 Nd6 92. Ba7 Nf5 93. Bc5 e3 94. Bxe3 Nxe3+ 95. fxe3 Kxe3 96. Kg2 Kf4 97. Kf2 1/2-1/2

[Event "YUG-chT 38th"]
[Site "Sibenik"]
[Date "1986.??.??"]
[Round "?"]
[White "Notaros, Krasoje"]
[Black "Maksimovic, Branimir"]
[Result "0-1"]
[WhiteElo "2305"]
[BlackElo "2385"]
[PlyCount "70"]
[EventDate "1986.??.??"]
[EventType "team"]
[EventRounds "9"]
[EventCountry "YUG"]
[SourceTitle "EXT 2009"]
[Source "ChessBase"]
[SourceDate "2008.11.26"]
[SourceVersion "1"]
[SourceVersionDate "2008.11.26"]
[SourceQuality "1"]

1. Nf3 d5 2. c4 c6 3. g3 Bg4 4. Bg2 e6 5. cxd5 exd5 6. 0-0 Nf6 7. Ne5 Bf5 8. d4 Nbd7 9. Nd3 Qb6 10. e3 Bd6 11. Nc3 h5 12. h3 Kf8 13. Re1 Re8 14. Na4 Qc7 15. Nac5 Ne4 16. Nxe4 Bxe4 17. f4 h4 18. g4 Bxd3 19. Qxd3 Bxf4 20. Rf1 Bh2+ 21. Kh1 Nf6 22. Bd2 Ne4 23. Bxe4 Rxe4 24. Rf3 Bd6 25. Raf1 f6 26. g5 Ke8 27. gxf6 gxf6 28. Rxf6 Qd7 29. R1f3 Rg8 30. Qf1 Be7 31. R6f5 Qe6 32. a3 Rg7 33. b4 Qg8 34. b5 Re6 35. bxc6 Reg6 0-1

[Event "YUG Team Cup-26"]
[Site "Pula"]
[Date "1983.05.16"]
[Round "1.2"]
[White "Cvitan, Ognjen"]
[Black "Notaros, Krasoje"]
[Result "0-1"]
[WhiteElo "2410"]
[BlackElo "2360"]
[PlyCount "82"]
[EventDate "1983.05.16"]
[EventType "team-swiss"]
[EventRounds "5"]
[EventCountry "CRO"]
[SourceTitle "EXT 2016"]
[Source "ChessBase"]
[SourceDate "2015.10.08"]
[SourceVersion "1"]
[SourceVersionDate "2015.10.08"]
[SourceQuality "1"]
[WhiteTeam "Rijeka Kvarner"]
[BlackTeam "Novi Sad Novosadski"]
[WhiteTeamCountry "YUG"]
[BlackTeamCountry "YUG"]

1. d4 g6 2. c4 Bg7 3. Nc3 d6 4. e4 Nc6 5. Be3 e5 6. d5 Nce7 7. c5 f5 8. cxd6 cxd6 9. Bb5+ Kf8 10. f3 Nf6 11. Nge2 a6 12. Bd3 b5 13. Qd2 Bd7 14. a4 b4 15. Nd1 a5 16. 0-0 f4 17. Bf2 g5 18. Bb5 h5 19. b3 g4 20. Nb2 h4 21. Nxf4 exf4 22. Qxf4 Bxb5 23. axb5 Ng6 24. Qf5 Ne7 25. Qf4 Ng6 26. Qf5 Ne7 27. Qe6 g3 28. Bd4 gxh2+ 29. Kxh2 Rh6 30. Nc4 Nfxd5 31. Bxg7+ Kxg7 32. Qh3 Nc3 33. b6 Nc6 34. Ne3 Nd4 35. Rad1 Nxd1 36. Rxd1 Qg5 37. Qd7+ Kh8 38. Ng4 Qf4+ 39. Kh1 Rh7 40. b7 Rf8 41. Qc8 h3 0-1

[Event "Novi Sad"]
[Site "Novi Sad"]
[Date "1983.??.??"]
[Round "?"]
[White "Lazic, Miroljub"]
[Black "Notaros, Krasoje"]
[Result "1/2-1/2"]
[WhiteElo "2305"]
[BlackElo "2360"]
[PlyCount "81"]
[EventDate "1983.10.??"]
[EventType "tourn"]
[EventRounds "13"]
[EventCountry "YUG"]
[EventCategory "7"]
[SourceTitle "MCD"]
[Source "ChessBase"]
[SourceDate "1999.07.01"]
[SourceVersion "1"]
[SourceVersionDate "1999.07.01"]
[SourceQuality "1"]

1. e4 g6 2. d4 Bg7 3. Nf3 c5 4. c3 cxd4 5. cxd4 d6 6. Nc3 Nf6 7. Bb5+ Nfd7 8. 0-0 0-0 9. Be3 a6 10. Bd3 Nc6 11. d5 Nce5 12. Nxe5 Nxe5 13. Be2 b5 14. Bd4 Nd7 15. Bxg7 Kxg7 16. Qd4+ f6 17. a4 Nc5 18. Bd1 bxa4 19. Nxa4 Nxa4 20. Bxa4 Rb8 21. Rfc1 Kf7 22. Rc6 Qa5 23. Rc4 Qb6 24. Qxb6 Rxb6 25. b3 a5 26. f3 Ba6 27. Rc6 Rfb8 28. Rxb6 Rxb6 29. Bd7 Rxb3 30. Rxa5 Rb6 31. Be6+ Kg7 32. Ra2 h5 33. h4 Kf8 34. Kf2 Ke8 35. Ke3 Kf8 36. Kf4 Kg7 37. g4 hxg4 38. fxg4 Kh7 39. Rc2 Rb8 40. Rc7 Rb7 41. Rc8 1/2-1/2

[Event "Novi Sad"]
[Site "Novi Sad"]
[Date "1983.??.??"]
[Round "?"]
[White "Notaros, Krasoje"]
[Black "Deze, Anton"]
[Result "1/2-1/2"]
[WhiteElo "2360"]
[BlackElo "2400"]
[PlyCount "21"]
[EventDate "1983.10.??"]
[EventType "tourn"]
[EventRounds "13"]
[EventCountry "YUG"]
[EventCategory "7"]
[SourceTitle "MCD"]
[Source "ChessBase"]
[SourceDate "1999.07.01"]
[SourceVersion "1"]
[SourceVersionDate "1999.07.01"]
[SourceQuality "1"]

1. c4 c5 2. g3 Nc6 3. Bg2 g6 4. Nf3 Bg7 5. Nc3 e5 6. 0-0 Nge7 7. Ne1 0-0 8. Nc2 d6 9. Ne3 Rb8 10. Ned5 Nxd5 11. Nxd5 1/2-1/2

[Event "Novi Sad"]
[Site "Novi Sad"]
[Date "1983.??.??"]
[Round "?"]
[White "Petrosian, Arshak B"]
[Black "Notaros, Krasoje"]
[Result "1-0"]
[WhiteElo "2480"]
[BlackElo "2360"]
[PlyCount "53"]
[EventDate "1983.10.??"]
[EventType "tourn"]
[EventRounds "13"]
[EventCountry "YUG"]
[EventCategory "7"]
[SourceTitle "MCD"]
[Source "ChessBase"]
[SourceDate "1999.07.01"]
[SourceVersion "1"]
[SourceVersionDate "1999.07.01"]
[SourceQuality "1"]

1. d4 g6 2. c4 Bg7 3. Nf3 d6 4. Nc3 Nd7 5. g3 Ngf6 6. Bg2 0-0 7. 0-0 e5 8. h3 c6 9. e4 Qb6 10. d5 c5 11. Ne1 Ne8 12. Nd3 f5 13. f4 Qd8 14. Be3 b6 15. Qd2 Ba6 16. b3 fxe4 17. Bxe4 Nef6 18. fxe5 Nxe4 19. Nxe4 Nxe5 20. Nxe5 Bxe5 21. Rxf8+ Qxf8 22. Rf1 Qg7 23. Bh6 Qd7 24. Nf6+ Bxf6 25. Rxf6 Qe7 26. Re6 Qf7 27. Qe2 1-0

[Event "Novi Sad"]
[Site "Novi Sad"]
[Date "1983.??.??"]
[Round "?"]
[White "Tringov, Georgi Petrov"]
[Black "Notaros, Krasoje"]
[Result "1-0"]
[WhiteElo "2455"]
[BlackElo "2360"]
[PlyCount "75"]
[EventDate "1983.10.??"]
[EventType "tourn"]
[EventRounds "13"]
[EventCountry "YUG"]
[EventCategory "7"]
[SourceTitle "MCD"]
[Source "ChessBase"]
[SourceDate "1999.07.01"]
[SourceVersion "1"]
[SourceVersionDate "1999.07.01"]
[SourceQuality "1"]

1. e4 g6 2. d4 Bg7 3. Nf3 c6 4. Nc3 d5 5. h3 Nf6 6. e5 Ne4 7. Bd3 Nxc3 8. bxc3 c5 9. dxc5 Nc6 10. 0-0 0-0 11. Bf4 Qa5 12. Qd2 Qxc5 13. Rfe1 d4 14. cxd4 Nxd4 15. Nxd4 Qxd4 16. Rab1 Rd8 17. Qc1 Qa4 18. Bg5 Bf8 19. Bh6 Qe8 20. h4 Bxh6 21. Qxh6 Rd4 22. h5 Rh4 23. Be2 Rb8 24. Qg5 Re4 25. hxg6 hxg6 26. f3 Rd4 27. c3 Rd8 28. Rb4 Be6 29. Rh4 Qf8 30. Kf2 Qg7 31. Reh1 Rd5 32. f4 f6 33. Qg3 fxe5 34. Rh8+ Qxh8 35. Qxg6+ Qg7 36. Qxe6+ Qf7 37. Rh8+ Kxh8 38. Qxf7 1-0